Countries with a U Quiz Stats

 Plays Quiz not verified by Sporcle

Support Sporcle.
Go Orange.
Score 0/59 Timer 07:00
0 Plays Today
Continent Country % Correct
North AmericaUnited States of America
96.7%
EuropeUnited Kingdom
95.6%
OceaniaAustralia
94.4%
South AmericaUruguay
94.2%
EuropeAustria
91.5%
South AmericaParaguay
89.2%
AsiaUzbekistan
88.7%
AsiaUnited Arab Emirates
85.6%
North AmericaCuba
85.3%
AfricaGuinea
85.1%
AfricaSouth Africa
84.6%
AfricaUganda
84.6%
AsiaTurkey
84.2%
South AmericaGuyana
84%
South AmericaPeru
84%
EuropeUkraine
83.9%
South AmericaVenezuela
83.5%
AfricaSudan
83.2%
AsiaSouth Korea
82.9%
AsiaRussia
82.7%
EuropeBulgaria
82%
EuropeBelgium
81.4%
North AmericaAntigua and Barbuda
81.3%
AfricaDemocratic Republic of the Congo
81.1%
South AmericaEcuador
80.4%
AfricaGuinea-Bissau
80.4%
EuropeLithuania
80.3%
North AmericaGuatemala
80.2%
OceaniaPapua New Guinea
79.8%
South AmericaSuriname
79.7%
Continent Country % Correct
EuropeHungary
79.6%
North AmericaHonduras
79.4%
AsiaTurkmenistan
79.3%
EuropePortugal
78.8%
OceaniaTuvalu
78.6%
EuropeLuxembourg
78.2%
OceaniaVanuatu
78.1%
AfricaEquatorial Guinea
77.9%
AfricaRepublic of the Congo
77.5%
EuropeBelarus
76.5%
OceaniaNauru
76.3%
AsiaBhutan
76.3%
AfricaMauritania
76.3%
AfricaMauritius
74.6%
North AmericaDominican Republic
73.8%
AfricaBurundi
73.6%
OceaniaPalau
73.3%
North AmericaNicaragua
73%
EuropeCzech Republic
72.9%
AfricaCentral African Republic
71.9%
AsiaSaudi Arabia
71.3%
EuropeCyprus
71%
AsiaBrunei
70.6%
AfricaTunisia
69.6%
AfricaBurkina Faso
68.2%
AfricaDjibouti
67.1%
AsiaKuwait
66.5%
North AmericaSt. Lucia
63.3%
AfricaMozambique
62%

You're not logged in!

Compare scores with friends on all Sporcle quizzes.
OR
Log In

From the Vault

Asia: Two-Border Countries

by goc3

Every nation needs its neighbors.
Remove Ads.
Support Sporcle.
Get the best of Sporcle when you Go Orange. This ad-free experience offers more features, more stats, and more fun while also helping to support Sporcle. Thank you for becoming a member.

Show Comments

Extras

Top Quizzes Today


Score Distribution

Your Account Isn't Verified!

In order to create a playlist on Sporcle, you need to verify the email address you used during registration. Go to your Sporcle Settings to finish the process.

Report this User

Report this user for behavior that violates our Community Guidelines.

Details: